Movies by Death Scene Quiz Stats

 Plays Quiz Updated Nov 5, 2018

Challenge
Share
Tweet
Score 0/25 Timer 08:00
2 Plays Today
Column Movie % Correct
Column 5The Lion King
95%
Column 3Star Wars
94.5%
Column 4Titanic
90.4%
Column 1Psycho
85.2%
Column 1Harry Potter and the Half-Blood Prince
82.7%
Column 2Forrest Gump
78.3%
Column 3Black Swan
71.6%
Column 4Jurassic Park
70.6%
Column 5Alien
67.8%
Column 1Thelma & Louise
64.2%
Column 5The Shining
63.4%
Column 2Die Hard
60.5%
Column 2Groundhog Day
60.4%
Column Movie % Correct
Column 5Platoon
58.1%
Column 1Star Trek II: The Wrath of Khan
47.9%
Column 2American Beauty
47.7%
Column 3Terminator 2: Judgment Day
47.3%
Column 5Butch Cassidy and the Sundance Kid
44.9%
Column 3Rocky IV
43.7%
Column 2The Deer Hunter
38.1%
Column 3Scarface
37.9%
Column 4Bonnie and Clyde
36.8%
Column 4The Godfather
36.7%
Column 5Dead Man Walking
29.3%
Column 1Robin Hood: Prince of Thieves
28%

You're not logged in!

Compare scores with friends on all Sporcle quizzes.
OR
Log In

You Might Also Like...

Show Comments

Extras

Top Quizzes Today


Score Distribution

Your Account Isn't Verified!

In order to create a playlist on Sporcle, you need to verify the email address you used during registration. Go to your Sporcle Settings to finish the process.

Report this User

Report this user for behavior that violates our Community Guidelines.

Details: